[Event "Wloclawek CC Classic 09th"]
[Site "Wloclawek"]
[Date "2014.??.??"]
[Round "5"]
[White "Cichocki, Konrad"]
[Black "Sieradzki, Michal"]
[Result "1-0"]
[WhiteElo "1945"]
[BlackElo "1000"]
[PlyCount "35"]
[EventDate "2014.03.??"]
[EventType "swiss"]
[EventRounds "7"]
[EventCountry "POL"]
[SourceTitle "EXT 2021"]
[Source "ChessBase"]
[SourceDate "2020.10.23"]
[SourceVersion "1"]
[SourceVersionDate "2020.10.23"]
[SourceQuality "1"]

1. e4 e5 2. Bc4 Bc5 3. Nf3 Nc6 4. c3 Nf6 5. d4 exd4 6. cxd4 Bb4+ 7. Nc3 d5 8. exd5 Nxd5 9. 0-0 Bxc3 10. bxc3 Be6 11. Ba3 Nxc3 12. Qd3 Bxc4 13. Qxc4 Nd5 14. Rab1 Nb6 15. Rfe1+ Ne7 16. Rxb6 Qc8 17. Rxe7+ Kd8 18. Qd5+ 1-0

[Event "Wloclawek CC Classic 10th"]
[Site "Wloclawek"]
[Date "2014.??.??"]
[Round "4"]
[White "Felski, Krzysztof"]
[Black "Sieradzki, Michal"]
[Result "1-0"]
[WhiteElo "1800"]
[BlackElo "1600"]
[PlyCount "59"]
[EventDate "2014.04.??"]
[EventType "swiss"]
[EventRounds "7"]
[EventCountry "POL"]
[SourceTitle "EXT 2021"]
[Source "ChessBase"]
[SourceDate "2020.10.23"]
[SourceVersion "1"]
[SourceVersionDate "2020.10.23"]
[SourceQuality "1"]

1. d4 d5 2. c4 e6 3. Nc3 Be7 4. Nf3 Nf6 5. g3 c6 6. cxd5 exd5 7. Bg5 Ne4 8. Bxe7 Qxe7 9. Rc1 Bg4 10. Bg2 Nd7 11. 0-0 Qe6 12. Re1 0-0-0 13. Qb3 Kb8 14. a4 Nb6 15. Ne5 Nc4 16. Nxe4 Nxe5 17. Nc5 Qe7 18. dxe5 h5 19. h3 Bf5 20. Qb4 Rd7 21. Nxd7+ Qxd7 22. Qf4 Ka8 23. h4 Rh6 24. Red1 Rg6 25. Bf3 Bg4 26. Rd4 f6 27. Bxg4 Rxg4 28. Qe3 Rg6 29. exf6 Rxf6 30. Rf4 1-0

[Event "Wloclawek CC Classic 09th"]
[Site "Wloclawek"]
[Date "2014.??.??"]
[Round "3"]
[White "Jeziorny, Janusz"]
[Black "Sieradzki, Michal"]
[Result "1-0"]
[WhiteElo "1752"]
[BlackElo "1000"]
[PlyCount "93"]
[EventDate "2014.03.??"]
[EventType "swiss"]
[EventRounds "7"]
[EventCountry "POL"]
[SourceTitle "EXT 2021"]
[Source "ChessBase"]
[SourceDate "2020.10.23"]
[SourceVersion "1"]
[SourceVersionDate "2020.10.23"]
[SourceQuality "1"]

1. e4 e5 2. Nf3 Nc6 3. Bb5 Nf6 4. d3 a6 5. Bxc6 dxc6 6. Nbd2 Bd6 7. Nc4 Qe7 8. Bg5 h6 9. Bh4 Bd7 10. h3 b5 11. Ne3 0-0 12. g4 g5 13. Bg3 Kg7 14. Rg1 Nh7 15. Nf5+ Bxf5 16. gxf5 Rg8 17. Nh2 Nf6 18. Ng4 Kf8 19. Nxf6 Qxf6 20. Qh5 Ke8 21. 0-0-0 Kd7 22. c3 c5 23. Rge1 Rae8 24. Qe2 Kc8 25. f3 Qg7 26. Bf2 f6 27. d4 cxd4 28. cxd4 exd4 29. Bxd4 Bb4 30. Rg1 Rd8 31. a4 c5 32. Qc2 Qc7 33. Bxf6 Rxd1+ 34. Rxd1 Qf4+ 35. Kb1 Qxf3 36. e5 Rf8 37. axb5 axb5 38. Qd3 Qxd3+ 39. Rxd3 c4 40. Rd5 Ba5 41. Rxb5 Bd8 42. Rc5+ Kb7 43. Bxd8 Rxd8 44. f6 Rd1+ 45. Kc2 Re1 46. f7 Rf1 47. e6 1-0

[Event "Wloclawek CC Classic 09th"]
[Site "Wloclawek"]
[Date "2014.??.??"]
[Round "7"]
[White "Matusiak, Marcin"]
[Black "Sieradzki, Michal"]
[Result "1-0"]
[WhiteElo "1654"]
[BlackElo "1000"]
[PlyCount "74"]
[EventDate "2014.03.??"]
[EventType "swiss"]
[EventRounds "7"]
[EventCountry "POL"]
[SourceTitle "EXT 2021"]
[Source "ChessBase"]
[SourceDate "2020.10.23"]
[SourceVersion "1"]
[SourceVersionDate "2020.10.23"]
[SourceQuality "1"]

1. e4 e5 2. Nf3 Nc6 3. d4 exd4 4. Bc4 Nf6 5. 0-0 d5 6. exd5 Nxd5 7. Nxd4 Nxd4 8. Qxd4 Be6 9. Re1 c6 10. Be3 Be7 11. Bxd5 cxd5 12. Nc3 Bf6 13. Qb4 d4 14. Rad1 Qb6 15. Qxb6 axb6 16. Bxd4 Bxd4 17. Rxd4 0-0 18. Red1 Bxa2 19. b3 h6 20. Ra1 Bxb3 21. Rxa8 Rxa8 22. cxb3 Ra1+ 23. Rd1 Rxd1+ 24. Nxd1 Kf8 25. Kf1 Ke7 26. Ke2 Kd6 27. b4 Ke5 28. Ke3 g5 29. g3 g4 30. Nc3 b5 31. Nxb5 f6 32. Nc3 h5 33. Kd3 f5 34. Ke3 Kd6 35. Kd4 Ke6 36. Ne2 Kf6 37. Nf4 Kg5 1-0

[Event "Wloclawek CC Classic 10th"]
[Site "Wloclawek"]
[Date "2014.??.??"]
[Round "5"]
[White "Sieradzki, Michal"]
[Black "Wieckowska, Oliwia"]
[Result "1-0"]
[WhiteElo "1600"]
[BlackElo "1400"]
[PlyCount "47"]
[EventDate "2014.04.??"]
[EventType "swiss"]
[EventRounds "7"]
[EventCountry "POL"]
[SourceTitle "EXT 2021"]
[Source "ChessBase"]
[SourceDate "2020.10.23"]
[SourceVersion "1"]
[SourceVersionDate "2020.10.23"]
[SourceQuality "1"]

1. e4 e5 2. Nf3 Nc6 3. c3 Nf6 4. d4 exd4 5. e5 Ng4 6. cxd4 d6 7. h3 Nh6 8. Bb5 Bd7 9. exd6 Bxd6 10. 0-0 Nf5 11. Bxc6 Bxc6 12. d5 Bd7 13. Re1+ Ne7 14. Nc3 0-0 15. Ne4 Be5 16. Nxe5 Bb5 17. d6 cxd6 18. Nxd6 Ba6 19. Bg5 f6 20. Qb3+ Kh8 21. Nef7+ Rxf7 22. Nxf7+ Kg8 23. Nxd8+ Kf8 24. Qf7# 1-0